Optimálne pokuty za kartelové dohody: prípad Slovenska
Kartelové dohody a požiadavky na sankcie. Empirické štúdie k ekonómii pokút za kartelové dohody. Empirická analýza. Relevantný obrat. Počet firiem tvoriacich dohodu a organizácia kartelov. Vyčíslenie optimálnej výšky represívnej pokuty ako percenta skutočne udelenej pokuty. Zobrazenie dopočítaných t...
Gespeichert in:
| 1. Verfasser: | |
|---|---|
| Weitere Verfasser: | , |
| Format: | Buchkapitel |
| Sprache: | Slowakisch |
| Schlagworte: | |
| Tags: |
Keine Tags, Fügen Sie das erste Tag hinzu!
|
MARC
| LEADER | 00000naa a2200000 4500 | ||
|---|---|---|---|
| 001 | 0225888 | ||
| 005 | 20240502073715.8 | ||
| 041 | 0 | |a slo | |
| 044 | |a SK | ||
| 245 | 1 | 0 | |a Optimálne pokuty za kartelové dohody: prípad Slovenska |c Richard Kališ, Martin Lábaj, Daniela Zemanovičová |
| 520 | |a Kartelové dohody a požiadavky na sankcie. Empirické štúdie k ekonómii pokút za kartelové dohody. Empirická analýza. Relevantný obrat. Počet firiem tvoriacich dohodu a organizácia kartelov. Vyčíslenie optimálnej výšky represívnej pokuty ako percenta skutočne udelenej pokuty. Zobrazenie dopočítaných teoretických pokút ako podielu k relevantnému obratu. Porovnanie skutočne udelenej pokuty a optimálnej teoretickej represívnej pokuty za predpokladu extenzívneho zisku. | ||
| 610 | 2 | 0 | |a kartely |
| 610 | 2 | 0 | |a dohody |
| 610 | 2 | 0 | |a pokuty |
| 610 | 2 | 0 | |a súťaže |
| 610 | 2 | 0 | |a analýza empirická |
| 610 | 2 | 0 | |a Slovensko |
| 100 | 1 | |a Kališ, Richard, 1991- | |
| 700 | 1 | |a Lábaj, Martin, 1982- | |
| 700 | 1 | |a Zemanovičová, Daniela | |